2026 FIFA World Cup Teams - Whammies - Statistics

General Stats
  • This quiz has been taken 83 times
  • The average score is 38 of 48
Answer Stats
Answer % Correct
United States
97%
Argentina
94%
Canada
94%
Mexico
94%
France
92%
Brazil
90%
Germany
90%
Spain
90%
Portugal
89%
Curaçao
87%
England
87%
Japan
87%
Belgium
86%
South Korea
86%
Sweden
84%
Australia
83%
Austria
83%
Egypt
83%
Norway
83%
Ecuador
81%
Iran
81%
Netherlands
81%
Uruguay
81%
Colombia
79%
Haiti
79%
Panama
79%
Algeria
78%
Morocco
78%
Paraguay
78%
Ghana
76%
Iraq
76%
New Zealand
76%
Scotland
76%
Senegal
76%
Turkey
76%
Switzerland
75%
Bosnia and Herzegovina
73%
Jordan
73%
Qatar
73%
Saudi Arabia
73%
South Africa
73%
Tunisia
73%
Uzbekistan
73%
Croatia
71%
Ivory Coast
70%
Democratic Republic of the Congo
67%
Czechia
63%
Cape Verde
62%
No matching quizzes found
Score Distribution
Percent of People with Each Score
Percentile by Number Answered
Your Score History
You have not taken this quiz